1975 1895 1250 1500 1160 1603 1259 1814 1809 1252 1615 1321 1776 1467 1149 1475 1890 1556 1452 1922 1259 1353 1825 1704 1285 1511 1821 1282 1454 1939 1626 1728 1783 1655 1340 1848 1101 1117 1368 1560 1777 1554 1904 1193 1586 1961 1545 1727 1973 1563 1958 1911 1611 1986 1850 1632 1616 1223 1021 1877 1548 1820 1526 1420 1928 1812 1393 1945 1751 1983 1475 1226 1801 1611 1867 1430 1324 1508 1796 1350 1911 1608 1885 1307 1481 1235 1905 1047 1913 1527 1145 1194 1206 1320 1630 1725 1833 1844 1884 BCNSPRNW ULIB Ver.6.0+V

เปลี่ยนเป็นภาษาไทย

Change to English
 แสดงรายละเอียดบรรณานุกรม
  กลับหน้าหลัก

Brief Record : Get Marc (ISO 2709) : E-mail record : QR code < ปิดหน้าต่าง
LEADER : 00000nam 2200000uu 4500
001    13399111754
003     ULIB
008    110707s2552||||th 000 0 tha d
020    9786167207001
082 04 DS568^bร373ต 2552
100 0  รัตนวุฒิ เนจริญรัมย์
245 10 ตลาดน้ำ (มหาชล) มนต์เสน่ห์ตลาดโบราณ /^cรัตนวุฒิ เนจริญรัมย์
250    พิมพ์ครั้งที่ 2
260    กรุงเทพฯ :^bG life,^c2552
300    251 หน้า :^bภาพประกอบ, แผนที่
651  7 ตลาดน้ำ^xภูมิประเทศและการท่องเที่ยว
651  7 ตลาดน้ำ^xหนังสือนำเที่ยว
945    ^p245^l0^i027609
995    ทศพร
999 ^a ใช้งานได้ทุกระบบ
รายการนี้ยังไม่มีแท็ก
คุณยังไม่ได้ล็อกอิน คุณสามารถมีกิจกรรมร่วมกับเว็บไซต์ได้ แต่ต้องล็อกอินก่อน ::
  ล็อกอิน

รายการสื่อสารสนเทศ

ลำดับที่ ประเภท เลขเรียก/บาร์โค้ด สถานที่ สถานะ
- ไม่พบข้อมูล -

รายการใกล้เคียง
    ผู้แต่ง [รัตนวุฒิ เนจริญรัมย์]

BibComment


ยังไม่เคยถูกคอมเมนท์

คอมเมนท์ทรัพยากรรายการนี้
  คอมเมนท์: ตลาดน้ำ มหาชล มนต..


 Copyright 2026. Bcnsprnw @Library